000 01820cam a22005054i 4500
003 PE-LiUPU
005 20250731184557.0
008 150706s2006 mau r 000 0 eng d
020 _a9761405106500
035 _a(Sirsi) i9761405106500
040 _aPE-LiUPU
_bspa
_cPE-LiUPU
_erda
049 _aPRUA
082 0 4 _a930
_bH34
_221
100 1 _aHedrick, Charles W.,
_d1956- ,
_eautor.
245 1 0 _aAncient history :
_bmonuments and documents /
_cCharles W. Hedrick.
264 1 _aMalden, MA ; Oxford :
_bBlackwell,
_c2006.
300 _a174 páginas ;
_c23 centímetros.
336 _atext
_2rdacontent
337 _aunmediated
_2rdamedia
338 _avolume
_2rdacarrier
490 1 _aBlackwell introductions to the classical world
505 0 _aMonuments and Documents -- Geography -- Chronology -- Literary Texts -- Records -- Public Writing -- Coins -- Material Culture.
526 _aP136
526 _aP135
526 _aP134
526 _aP133
526 _aP144
526 _aP143
526 _aP87
526 _aP35
526 _aP20
526 _aP14
526 _aP10
526 _aP06
541 _g20081126230934D47324;
650 1 4 _aHistoria Antigua
_xEstudio y enseñanza.
650 2 4 _aHistoria Antigua
_xFuentes.
650 2 4 _aHistoria Antigua
_xHistoriografía.
910 _agl20090731
942 _2ddc
_cBOOK
949 _a930 H34
_wDEWEY
_c1
_i59827
_lCCODEBUL1
_mBUL
_p32.00
_r0
_sY
_tBOOK
_u2015-7-6
_xTEOLOGIA
_PP85
_0COMPRA
_o.STAFF. Colección Teología
994 _aC0
_bPEPRU
596 _a1
999 _a930 H34
_wDEWEY
_c49360
_i59827
_f2021-11-11
_g5
_lCCODEBUL1
_mBUL
_p32.00
_r0
_sY
_tBOOK
_u2015-7-6
_xTEOLOGIA
_PP85
_0COMPRA
_o.STAFF. Colección Teología
_d49360
980 _81
_gALBERTO SANCHEZ Responsable de Automatización